National Education Policy 2020: (Record no. 203113)

MARC details
000 -LEADER
fixed length control field 00784nam a22002057a 4500
005 - DATE AND TIME OF LATEST TRANSACTION
control field 20240521151629.0
010 ## - LCCN (DPL NO)
LC control number ENG-140429
020 ## - INTERNATIONAL STANDARD BOOK NUMBER
International Standard Book Number 9789392038426
Terms of availability 1095.00
035 ## - SYSTEM CONTROL NUMBER
System control number EN-123961
037 ## - SOURCE OF ACQUISITION
Source of stock number/acquisition DBAD
082 ## - DEWEY DECIMAL CLASSIFICATION NUMBER
Classification number 370
100 ## - MAIN ENTRY--PERSONAL NAME
Personal name Konwar, Ishmi Rekha Handique
245 ## - TITLE STATEMENT
Title National Education Policy 2020:
Remainder of title A Paradigm Shift in Indian Education System/
Statement of responsibility, etc Edited by Ishmi Rekha Handique Konwar [and] Angita sarmah Boruah
260 ## - PUBLICATION, DISTRIBUTION, ETC. (IMPRINT)
Place of publication, distribution, etc Assam
Name of publisher, distributor, etc EBH Publishers, an imprint of Eastern Book House
Date of publication, distribution, etc 2022
270 ## - ADDRESS
Address 136, M.L. Nehru Road, Panbazar, Guwahati
City Assam
Postal code 781001
300 ## - PHYSICAL DESCRIPTION
Extent 180 p.
Dimensions 24cm, (hb}
700 ## - ADDED ENTRY--PERSONAL NAME
Personal name Konwar, Ishmi Rekha Handique
9 (RLIN) 66297
Relator term Editor
700 ## - ADDED ENTRY--PERSONAL NAME
Personal name Boruah, Angita sarmah
Relator term Editor
9 (RLIN) 66650
942 ## - ADDED ENTRY ELEMENTS (KOHA)
Source of classification or shelving scheme Dewey Decimal Classification
Item type English Books
Classification part 370
Call number suffix NAT
Holdings
Withdrawn status Lost status Not for loan Collection code Home library Current library Date acquired Source of acquisition Cost, normal purchase price Full call number Barcode Copy number Cost, replacement price Koha item type
      Non-fiction Patel Nagar Patel Nagar 21/05/2024 DBAD 1095.00 370 NAT EN-123961 1 1095.00 English Books

© Delhi Public Library
Hit Counter
free hit counter